000 00279nam a22001337a 4500
008 170310b xxu||||| |||| 00| 0 eng d
020 _a9780683061413
041 _aeng
080 _24TH
_a611
100 _a6
101 _aSHM
245 _aANATOMY
_cMOORE, K.L
942 _2udc
_cBK
999 _c7399
_d7399